Welcome to the Holygrace Academy Library

Please use search bar below to get started

FUNDAMENTALS OF CHEMISTRY (Record no. 702)

MARC details
000 -LEADER
fixed length control field 00329nam a22001337a 4500
020 ## - INTERNATIONAL STANDARD BOOK NUMBER
ISBN 978-81-265-3247-6
082 ## - DEWEY DECIMAL CLASSIFICATION NUMBER
Classification number 540
Item number LEE/F
100 ## - MAIN ENTRY--AUTHOR NAME
Personal name J D LEE, SOLOMONS & FRYHLE
245 ## - TITLE STATEMENT
Title FUNDAMENTALS OF CHEMISTRY
Remainder of title CLASS XII
260 ## - PUBLICATION, DISTRIBUTION, ETC. (IMPRINT)
Place of publication DELHI
Name of publisher RATNA SAGAR
300 ## - PHYSICAL DESCRIPTION
Number of Pages 641
650 ## - SUBJECT ADDED ENTRY--TOPICAL TERM
Topical Term CHEMISTRY FOR CLASS XII
Geographic subdivision INDIA
942 ## - ADDED ENTRY ELEMENTS (KOHA)
Koha item type Books
Holdings
Withdrawn status Lost status Collection code Home library Current library Shelving location Date acquired Source of acquisition Full call number Accession Number Koha item type
    Reference Main Library Main Library SHELF-9 C XII CHEMISTRY 12/10/2012 purchase 540 LEE/F 07081 Books